000 00281nam a2200133 i 4500
001 bg
100 1 _aSPERSKI, M.
245 0 _aMechanika /
_cM. Sperski.
260 _aGdaƄsk,
_c1990.
040 _cBPK
041 _apol
942 _cKS
008 s pl f |000 0 pol
999 _c4466
_d4466
856 _uhttp://koha.tu.koszalin.pl/cgi-bin/koha/opac-detail.pl?biblionumber=4466
_yKatalog online BPK